000 00629nam a2200217Ia 4500
005 20220712142927.0
008 131103s9999 xx 000 0 und d
020 _a0 7131 6430 1
_cpds 8.95
040 _aLoreto College
041 _aEnglish
082 _a307.72
_bGIL
100 _aGilg,Andrew W.
245 3 _aAn Introduction to rural geography
_cAndrew W. Gilg
260 _aLondon
_bEdward Arnold
_c1985
300 _axii, 210p
_b ill. figures
504 _aReprinted 1989
650 _aCommunities -
651 _aCommunities - Specific kinds of communities - Rural communities -
850 _aLCLIB
942 _cBK
999 _c1481
_d51960